000 00326nam a22001457a 4500
008 210519b ||||| |||| 00| 0 eng d
020 _a9780558583439
041 _aeng
080 _24th
_a510
082 _a510
100 _a36
101 _aMAT
245 _aAlgebra and Trigonometry
_cDaniel S. Miller
942 _2udc
_cBK
999 _c57534
_d57534